000 00578nam a2200229Ia 4500
003 OSt
005 20220924153147.0
006 a|||||r|||| 00| 0
007 ta
008 220923b |||||||| |||| 00| 0 guj d
024 _a347023
037 _cTextual
040 _aARTS
_cARTS
_bguj
041 _2guj
_aguj
082 _aO157,3N051,1, 156K2
100 _aMukhopadhyay
_9154775
245 0 _aSnehadip
260 _c1962
650 _aBENGALI LITERATURE
942 _hO157,3N051,1, 156K2
_cTEXL
_2CC
999 _c472525
_d472525